Geschichte der Judäer von dem Code des Juda Makkabi's bis zum Untergange des judäischen Staates / (Record no. 154732)
[ view plain ]
| 000 -LEADER | |
|---|---|
| campo de control de longitud fija | 00891nam a22002295i 4500 |
| 001 - NÚMERO DE CONTROL | |
| campo de control | 154732 |
| 003 - IDENTIFICADOR DE NÚMERO DE CONTROL | |
| campo de control | ES-MaACL |
| 005 - FECHA Y HORA DE LA ÚLTIMA TRANSACCIÓN | |
| campo de control | 20251221185940.0 |
| 008 - DATOS DE LONGITUD FIJA--INFORMACIÓN GENERAL | |
| campo de control de longitud fija | 040709s1876 gw |||| | ger d |
| 040 ## - FUENTE DE CATALOGACIÓN | |
| Centro catalogador/agencia de origen | CAM |
| Lengua de catalogación | spa |
| Centro/agencia transcriptor | CAM |
| 100 1# - ENTRADA PRINCIPAL--NOMBRE DE PERSONA | |
| Nombre de persona | Graetz, Heinrich, |
| Fechas asociadas al nombre | 1817-1891 |
| 9 (RLIN) | 127523 |
| 245 10 - MENCIÓN DEL TÍTULO | |
| Título | Geschichte der Judäer von dem Code des Juda Makkabi's bis zum Untergange des judäischen Staates / |
| Mención de responsabilidad, etc. | von H. Graetz. |
| 250 ## - MENCION DE EDICION | |
| Mención de edición | 2. verb. und stark ver. Aufl. |
| 260 ## - PUBLICACIÓN, DISTRIBUCIÓN, ETC. | |
| Lugar de publicación, distribución, etc. | Leipzig : |
| Nombre del editor, distribuidor, etc. | Oskar Leiner, |
| Fecha de publicación, distribución, etc. | 1878. |
| 300 ## - DESCRIPCIÓN FÍSICA | |
| Extensión | XVI, 692 p. ; |
| Dimensiones | 21 cm. |
| 490 1# - MENCIÓN DE SERIE | |
| Mención de serie | Geschichte der Juden von den ästesten Zeiten bis auf die Gegenwart ; |
| Designación de volumen o secuencia | 3 |
| 650 ## - PUNTO DE ACCESO ADICIONAL DE MATERIA--TÉRMINO DE MATERIA | |
| Término de materia o nombre geográfico como elemento de entrada | Judíos- |
| Subdivisión de forma | Historia. |
| 9 (RLIN) | 13994 |
| 651 #4 - PUNTO DE ACCESO ADICIONAL DE MATERIA--NOMBRE GEOGRÁFICO | |
| Nombre geográfico | Israel- |
| Subdivisión general | Historia. |
| 9 (RLIN) | 8858 |
| 830 0# - PUNTO DE ACCESO ADICIONAL DE SERIE-TÍTULO UNIFORME | |
| Título uniforme | Geschichte der Juden von den ältesten Zeiten bis auf die Gegenwart |
| Designación de volumen o secuencia | 3 |
| 9 (RLIN) | 187903 |
| 852 ## - LOCALIZACIÓN | |
| Ubicación | ES-MaACL |
| Número de control de estantería | G-2575 |
| Nota libre | -- Enc. hol. |
| Estatus retirado | Estado de pérdida | Estado de daño | No para préstamo | Colección | Biblioteca de origen | Biblioteca actual | Ubicación en estantería | Fecha de adquisición | Fuente de adquisición | Total de préstamos | Signatura topográfica completa | Código de barras | Visto por última vez | Precio de reemplazo | Tipo de ítem Koha |
|---|---|---|---|---|---|---|---|---|---|---|---|---|---|---|---|
| Libros del s. XIX | Biblioteca del Ateneo de Madrid | Biblioteca del Ateneo de Madrid | Depósito 2 | 17/01/2008 | G-2575 | 1161840 | 23/02/2023 | 23/02/2023 | Libro impreso antiguo |
